Literary Animals Sorting Gallery Quiz Stats

 Plays Quiz Updated Jun 26, 2017

Support Sporcle.
Go Orange.
Score 0/35 Timer 05:00
8 Plays Today
% Correct
Piglet
94.3%
Winnie-the-Pooh
93.5%
Tigger
93.4%
Eeyore
92.8%
Baloo
92.1%
Cheshire Cat
90%
Shere Khan
89.2%
Owl
89%
Bagheera
88.4%
White Rabbit
87.4%
Rabbit
85.7%
Hedwig
82.3%
Napoleon
80.1%
March Hare
78%
Old Major
75.9%
Mr. Toad
75.8%
Mr. Badger
73.6%
Boxer
71.1%
% Correct
Crookshanks
69.9%
Snowball
68.4%
Squealer
66.3%
Mole
63.4%
Hazel
63.4%
Benjamin
60%
Bigwig
56.9%
Rikki-Tikki-Tavi
56.1%
Fiver
55.4%
Blackberry
53.9%
Moses
53.7%
Ratty
48.8%
Mollie
46.7%
Hathi
44.8%
Richard Parker
43.8%
Woundwort
42.8%
Kehaar
29.5%

You're not logged in!

Compare scores with friends on all Sporcle quizzes.
OR
Log In
Forgot?

From the Vault

'B' Game

by Matt

Better bring broad brains before beginning.
Remove Ads.
Support Sporcle.
Get the best of Sporcle when you Go Orange. This ad-free experience offers more features, more stats, and more fun while also helping to support Sporcle. Thank you for becoming a member.

Show Comments

Extras

Top Quizzes Today


Score Distribution

Your Account Isn't Verified!

In order to create a playlist on Sporcle, you need to verify the email address you used during registration. Go to your Sporcle Settings to finish the process.

Report this User

Report this user for behavior that violates our Community Guidelines.

Details: